Sheep Management and Diseases / (Record no. 3495)
[ view plain ]
| 000 -LEADER | |
|---|---|
| fixed length control field | 00269cam a2200109ua 4500 |
| 082 ## - DEWEY DECIMAL CLASSIFICATION NUMBER | |
| Classification number | 636.308 |
| Item number | BEL/SH |
| 100 ## - MAIN ENTRY--AUTHOR NAME | |
| Personal name | Belschner, H G . |
| 245 ## - TITLE STATEMENT | |
| Title | Sheep Management and Diseases / |
| 260 ## - PUBLICATION, DISTRIBUTION, ETC. (IMPRINT) | |
| Place of publication | : |
| Name of publisher | Angfus and Robertson , |
| Year of publication | 1962. |
| 300 ## - PHYSICAL DESCRIPTION | |
| Number of Pages | 814 ; . |
| 942 ## - ADDED ENTRY ELEMENTS (KOHA) | |
| Koha item type | Books |
| Withdrawn status | Lost status | Damaged status | Home library | Current library | Date acquired | Full call number | Accession Number | Koha item type |
|---|---|---|---|---|---|---|---|---|
| KAUAET | KAUAET | 07/04/2012 | 636.308 | 5070 | Books |
